| 000 | 00608nam a2200229Ia 4500 | ||
|---|---|---|---|
| 003 | OSt | ||
| 005 | 20221007064825.0 | ||
| 006 | a|||||r|||| 00| 0 | ||
| 007 | ta | ||
| 008 | 221006b |||||||| |||| 00| 0 eng d | ||
| 024 | _a7,053 | ||
| 037 | _cTextual | ||
| 040 |
_aFLL _cFLL _beng |
||
| 041 |
_2eng _aeng |
||
| 082 | _aZz7, L7 | ||
| 100 | _aGajendragadkar P.B. Au. | ||
| 245 | 0 | _aLaw,lawyers and social change | |
| 260 |
_aDelhi _bN.F.of lawyers and legal aid India _c1977 |
||
| 300 |
_a40p _ccm. |
||
| 942 |
_hZz7, L7 _cTEXL _2CC |
||
| 999 |
_c1135462 _d1135462 |
||